| 000 | 00400nam a22001217a 4500 | ||
|---|---|---|---|
| 082 | _a200 THE | ||
| 100 |
_aAiman Khan Nazir _969786 |
||
| 245 | _aTH-SOF-1525-AUTOMATED MISSPELLINGS DETECTION AND CORRECTION IN FREE TEXT MEDICAL RECORD | ||
| 260 |
_aIslamabad _bNUST College of EME _c2018 |
||
| 650 |
_a MS-CSE-16ABSTRACT MSTHESIS _969787 |
||
| 700 |
_aSupervisor Dr. Usman Qamar _969693 |
||
| 942 | _cCF | ||
| 999 |
_c576912 _d576912 |
||